Cities that were capital of the United States - Statistics

General Stats
  • This quiz has been taken 26 times
  • The average score is 10 of 14
Answer Stats
From-To City US state % Correct
july - december 1776 Philadelphia Pennsylvania
100%
march - september 1777 Philadelphia Pennsylvania
100%
july 1778 - june 1783 Philadelphia Pennsylvania
100%
december 1790 - may 1800 Philadelphia Pennsylvania
100%
1800-Today Washington DC
100%
january 1785 - october 1788 New York City New York
96%
march 1789 - december 1790 New York City New York
96%
december 1776 - february 1777 Baltimore Maryland
88%
november - december 1784 Trenton New Jersey
67%
november 1783 - august 1784 Annapolis Maryland
58%
27th September 1777 Lancaster Pennsylvania
38%
september 1777 - june 1778 York Pennsylvania
29%
june - november 1783 Princeton New Jersey
21%
(disputed) august 1814 Brookeville Maryland
8%
No matching quizzes found
Score Distribution
Percent of People with Each Score
Percentile by Number Answered
Your Score History
You have not taken this quiz